| 000 | 00700cam a2200241 a 4500 | ||
|---|---|---|---|
| 001 | 000013549 | ||
| 003 | DO-SdBNP | ||
| 005 | 20230529133254.0 | ||
| 008 | 970130s2008 dr 000 p spa d | ||
| 020 | _a9789993446040 | ||
| 040 |
_aDO-SdBNP _bspa _cBNPHU |
||
| 082 | 4 |
_aRD861.5 _bV297a _222 |
|
| 100 | 1 |
_aVargas, Sonia _930881 |
|
| 245 | 1 | 0 |
_aAndamios / _cSonia Vargas. |
| 260 |
_aSanto Domingo : _bManatí, _c2008. |
||
| 300 |
_a116 p. ; _c21 cm. |
||
| 500 | _aIncluye datos biografícos de la autora en la solapa. | ||
| 590 | _aInventariado, 2023/MFF | ||
| 650 | 4 | _aPoesía dominicana | |
| 650 | 4 | _aLiteratura dominicana | |
| 910 | _aValidado. Control de calidad MFF | ||
| 942 |
_2ddc _cLBS1 |
||
| 999 |
_c13171 _d13171 |
||